000 00290nam a22001217a 4500
008 171020b xxu||||| |||| 00| 0 eng d
041 _aeng
080 _a338
100 _a54
101 _aMNG
245 _aFLEXIBLE MANUFACTURING SYSTEMS: METHODS AND STUDIES
_cKUSIAK, A
942 _2udc
_cBK
999 _c35260
_d35260